| 000 | 01193cam a22002415a 4500 | ||
|---|---|---|---|
| 001 | L160229 | ||
| 008 | 190509s2018 xxk f 000 0 eng d | ||
| 035 | _a(Sirsi) u160229 | ||
| 041 | 0 | _aeng | |
| 100 | 1 | _aDavies, Alex | |
| 245 | 0 | 0 |
_aModern methods of construction _bA forward-thinking solution to the housing crisis? _h[electronic resource] |
| 260 |
_aLondon _cRICS _b2018 |
||
| 520 | _aThis paper explores some of the potential issues and opportunities that Modern methods of construction (MMC) offers. By examining a series of case studies where BOPAS-accredited MMC variants have been deployed sxamines looks at the pros and cons of Buildoffsite Property Assurance Scheme MMC technologies including timber frame and modular construction. | ||
| 590 | _aNTK | ||
| 650 | 2 | 4 | _aMODULAR CONSTRUCTION |
| 650 | 2 | 4 | _aBUILD-TO-RENT |
| 651 | 4 | _aUnited Kingdom | |
| 690 |
_aResidential property _96266 |
||
| 700 | 1 | _aBagust, Paul | |
| 700 | 1 | _aBasquill, Mike | |
| 856 | 4 | 0 |
_uhttps://web.archive.org/web/20201205224750/https://www.rics.org/globalassets/rics-website/media/news/news--opinion/modern-methods-of-construction-paper-rics.pdf _zAvailable from the web archive |
| 942 |
_n0 _2ddc |
||
| 999 |
_c116283 _d116283 |
||